Os 15 principais países afetados pela Covid-19 - 21 julho 2021 - Statistics

Estatísticas Gerais
  • Esse quiz foi jogado 15 vezes
  • A pontuação média é 16 de 28
Estatísticas das Respostas
país % Correto
Argentina
100%
Brasil
100%
Estados Unidos
100%
França
100%
Rússia
100%
Alemanha
92%
Espanha
85%
Índia
85%
Portugal
85%
Colômbia
77%
Itália
77%
Reino Unido
77%
Bélgica
62%
Indonésia
62%
Polônia
62%
Turquia
62%
Países Baixos
54%
Suécia
54%
Uruguai
54%
Chéquia
38%
Irão
38%
Israel
23%
Eslovénia
15%
Panamá
15%
Estônia
8%
Geórgia
8%
Lituânia
8%
Bahrein
0%
Nenhum quiz correspondente encontrado
Distribuição das Pontuações
Porcentagem de Pessoas com Cada Pontuação
Percentil de Números Respondidos
Sua Pontuação Histórica
Você não jogou esse quiz